00318pab a2200121 454500008004000000100002100040245003900061260000900100300001500109362001000124650002800134773003400162180718b1996 xxu||||| |||| 00| 0 eng d aNavlakha, Gautam aAfghanistan: `great game' reviewed c1996 ap.2913-915 a2 Nov aPolitics and government aEconomic and Political Weekly